| 000 | 00578nam a2200193 i 4500 | ||
|---|---|---|---|
| 001 | 22554 | ||
| 003 | ES-MaACL | ||
| 005 | 20230906152721.0 | ||
| 007 | t| | ||
| 008 | 021203s1973 sp ||||1| spa d | ||
| 100 | 1 |
_aAlonso Hinojal, Isidoro. _920342 |
|
| 245 | 1 | 0 |
_aSociologĂa de la familia / _cIsidoro Alonso Hinojal. |
| 260 |
_aMadrid, etc. : _bGuadiana, _c[1973] |
||
| 300 |
_a234 p. ; _c21 cm. |
||
| 490 | 1 | _aBiblioteca universitaria Guadiana | |
| 830 | 0 |
_aBiblioteca universitaria Guadiana _9180795 |
|
| 852 |
_aES-MaACL _jC-55237 _bR.88030 |
||
| 999 |
_c22554 _d22554 |
||